Maat, jotka ovat lähimpänä St Luciaa - Statistics

Yleistilastot
  • Tätä visaa on pelattu 28 kertaa
  • Keskiarvotulos 16 / 20
Vastaustilastot
km maa % Oikein
1503 Bahama
95%
145 Barbados
95%
129 Dominica
95%
42 Saint Vincent ja Grenadiinit
95%
961 Suriname
95%
673 Venezuela
95%
930 Dominikaaninen tasavalta
90%
585 Guyana
90%
942 Haiti
90%
1676 Jamaika
90%
333 Antigua ja Barbuda
86%
942 Brasilia
86%
1105 Kolumbia
86%
375 Saint Kitts ja Nevis
86%
267 Trinidad ja Tobago
86%
1554 Kuuba
81%
141 Grenada
76%
854 Curaçao
19%
965 Aruba
14%
488 Sint Maarten
10%
Ehtoja vastaavia visoja ei löytynyt
Tulosjakauma
Jokaisen tuloksen saaneiden osuus
Persentiili vastausten määrän mukaan
Tuloshistoriasi
Et ole pelannut tätä visaa